00502nam a2200157Ia 4500008004100000020001800041041000800059082001700067245002100084250000600105260004100111300001300152650003400165999001900199952012600218210716s2005 xx 000 0 und d a9781403926661 aeng a332.632 RISK aRisk management. a1 aNew DelhibMacmillan India Ltdc2005 aviii,345 aRisk Management & Derivatives c202672d202672 001040708MBAaAIMITbAIMITd2008-09-30g220.00l0o332.632 RISKpMBA05238r2026-05-23 00:00:00v165.00w2021-07-16yBK